000 00270nam a22001097a 4500
082 _a370/SHA
100 _aSharma,Sita Ram
_981393
245 _aEducational Psychology and Child Development
260 _aDelhi
_bS.K. Publcation
_c2022
650 _aEducation
942 _cBK
999 _c65395
_d65395